| 000 | 00630 a2200217 4500 | ||
|---|---|---|---|
| 999 |
_c4774 _d4774 |
||
| 020 | _a1779001738 | ||
| 050 | _aPS3545 WRI 1997 | ||
| 100 |
_aWright, Richard _eauthor |
||
| 245 |
_aNative Son / _cRichard Wright |
||
| 264 |
_aLondon: _bColledge Press, _c1997 |
||
| 300 | _a461p. : | ||
| 500 | _anovel | ||
| 650 |
_aAfrican American men _xFiction |
||
| 650 | _aLarge type books | ||
| 650 |
_aTrials (Murder) _xFiction |
||
| 650 |
_aChicago (Ill.) _xFiction |
||
| 650 |
_aMurderers _xFiction |
||
| 650 |
_aDeath row inmates _xFiction |
||
| 650 |
_aThomas, Bigger (Fictitious character) _xFiction |
||
| 942 |
_2lcc _cBK _h3545 _iWRI _kPS |
||